| 000 | 00582nam a22002057a 4500 | ||
|---|---|---|---|
| 008 | 160704s1993 gw||||| |||| 00| 0 eng d | ||
| 020 | _a89322548X | ||
| 082 |
_a779.092 _bH813l |
||
| 100 |
_aHorn, Rebecca. _95272 |
||
| 245 | 1 | 0 |
_aRebecca Horn : _bLa lune rebelle / _cRebecca Horn. |
| 250 | _a1a ed. | ||
| 260 |
_aAlemania : _bEdition Cantz, _c1993. |
||
| 300 |
_a85 p. _bil. col. |
||
| 653 | 1 | 0 | _aFotografía |
| 653 | 1 | 0 | _aArte contemporáneo |
| 653 | 1 | 0 | _aFotografía - Collage |
| 653 | 1 | 0 | _aArte - Alemania |
| 653 | 1 | 0 | _aFotografía - Exhibiciones |
| 653 | 1 | 0 | _aArtistas alemanes |
| 999 |
_c975 _d975 |
||